000 00337nam a2200133Ia 4500
008 210312s9999||||xx |||||||||||||| ||und||
041 _aosm
050 _aLB1125
050 _bC5520
100 _aClaparéde, Édouard
245 0 _aÇocuk ruhiyatı ve tecrübi pedagoji
260 _c1339 - 1342
650 _aEğitim psikolojisi Pedagoji
999 _c22094
_d22094